000 00620nam a2200193Ia 4500
005 20260114185650.0
008 008 260114s9999 xx 000 0 eng d
020 _a9780755625826
037 _aEBOOK
040 _aCRL
_beng
_cCRL
041 _aeng
_2eng
084 _qCRL
100 _aTara Alberts and D. R. M. Irving
_9872875
245 0 _aIntercultural Exchange in Southeast Asia History and Society in the Early Modern World
260 _bBloomsbury
_c2013
856 _uhttps://doi.org/10.5040/9780755625826?locatt=label:secondary_bloomsburyCollections
942 _cEBOOK
999 _c1471823
_d1471823